Ganadores del concurso de cuento Ifces-Cres (Registro nro. 109861)
[ vista simple ]
| 001 - NÚMERO DE CONTROL | |
|---|---|
| campo de control | 328312 |
| 005 - FECHA Y HORA DE LA ÚLTIMA TRANSACCIÓN | |
| campo de control | 20260506082758.0 |
| 008 - DATOS DE LONGITUD FIJA--INFORMACIÓN GENERAL | |
| campo de control de longitud fija | 990202s1997 spa |
| 035 ## - NÚMERO DE CONTROL DEL SISTEMA | |
| Número de control de sistema | 328312 |
| 035 ## - NÚMERO DE CONTROL DEL SISTEMA | |
| Número de control de sistema | (OCoLC)777745627 |
| 040 ## - FUENTE DE LA CATALOGACIÓN | |
| Centro/agencia transcriptor | comduadb |
| 041 ## - CÓDIGO DE LENGUA | |
| Código de lengua del texto/banda sonora o título independiente | spa |
| 082 #4 - NÚMERO DE LA CLASIFICACIÓN DECIMAL DEWEY | |
| Número de clasificación | C863 |
| 111 20 - ENTRADA PRINCIPAL--NOMBRE DE CONGRESO/REUNIÓN | |
| Nombre de congreso/reunión o jurisdicción como elemento de entrada | Concurso de Cuento Icfes Cres (1996 : Manizales), |
| Código de función | aut |
| Unidad subordinada | aut |
| 245 10 - MENCIÓN DE TÍTULO | |
| Título | Ganadores del concurso de cuento Ifces-Cres |
| 250 ## - MENCIÓN DE EDICIÓN | |
| Mención de edición | 1. edición |
| 260 ## - PUBLICACIÓN, DISTRIBUCIÓN, ETC. | |
| Lugar de publicación, distribución, etc. | Manizales : |
| Nombre del editor, distribuidor, etc. | Centro Editorial, |
| Fecha de publicación, distribución, etc. | 1997. |
| 300 ## - DESCRIPCIÓN FÍSICA | |
| Extensión | 62 páginas |
| 500 ## - NOTA GENERAL | |
| Nota general | Canje: Boletin de Antropologia: Ene./99. |
| 505 80 - NOTA DE CONTENIDO CON FORMATO | |
| Título | Requiem para Andres |
| 505 80 - NOTA DE CONTENIDO CON FORMATO | |
| Título | No llores sobre mis paginas |
| 505 80 - NOTA DE CONTENIDO CON FORMATO | |
| Título | Mi charco |
| 650 #7 - PUNTO DE ACCESO ADICIONAL DE MATERIA--TÉRMINO DE MATERIA | |
| Término de materia o nombre geográfico como elemento de entrada | Cuentos colombianos |
| Fuente del encabezamiento o término | lemb |
| 9 (RLIN) | 638 |
| 650 #7 - PUNTO DE ACCESO ADICIONAL DE MATERIA--TÉRMINO DE MATERIA | |
| Término de materia o nombre geográfico como elemento de entrada | Literatura colombiana |
| Fuente del encabezamiento o término | lemb |
| 9 (RLIN) | 41945 |
| 650 ## - PUNTO DE ACCESO ADICIONAL DE MATERIA--TÉRMINO DE MATERIA | |
| Término de materia o nombre geográfico como elemento de entrada | Premios literarios |
| 9 (RLIN) | 12680 |
| 710 #0 - ENTRADA AGREGADA--NOMBRE DE ENTIDAD CORPORATIVA | |
| Nombre de entidad corporativa o nombre de jurisdicción como elemento de entrada | Instituto Colombiano para el Fomento de la Educación Superior |
| Código de función | aut |
| Número de control del registro de autoridad o número normalizado | (isni)0000 0001 2184 872X |
| -- | (viaf)150960273 |
| Término indicativo de función/relación | Autor/a |
| 9 (RLIN) | 825226 |
| 710 20 - ENTRADA AGREGADA--NOMBRE DE ENTIDAD CORPORATIVA | |
| Nombre de entidad corporativa o nombre de jurisdicción como elemento de entrada | Cres de Occidente |
| Código de función | aut |
| Término indicativo de función/relación | Autor/a |
| 9 (RLIN) | 826328 |
| 942 ## - ELEMENTOS DE ENTRADA AGREGADA (KOHA) | |
| Tipo de ítem Koha | Libros |
| Estado de retiro | Estado de pérdida | Estado dañado | No para préstamo | Código de colección | Localización permanente | Ubicación/localización actual | Fecha de adquisición | Número de inventario | Total de préstamos | Signatura topográfica completa | Código de barras | Fecha visto por última vez | Número de copia | Precio válido a partir de | Tipo de ítem Koha |
|---|---|---|---|---|---|---|---|---|---|---|---|---|---|---|---|
| Colección de Literatura Latinoamericana (Piso 1) | Biblioteca Carlos Gaviria Díaz, Campus Medellín | Biblioteca Carlos Gaviria Díaz, Campus Medellín | 02/02/1999 | C407618 | C863.08 C744c 1996 | 61000000180329 | 22/04/2023 | 1 | 22/04/2023 | Libros |